Pravidlá tenisu platné od 1. januára 1982

Na minha lista:
Detalhes bibliográficos
Formato: Livro
Idioma:eslovaco
Publicado em: Bratislava Šport 1982
Colecção:Pravidlá
Tags: Adicionar Tag
Sem tags, seja o primeiro a adicionar uma tag!

MARC

LEADER 00000nam a2200000 4500
001 c110490
005 20250717113925.0
041 0 |a slo 
044 |a SK 
245 1 0 |a Pravidlá tenisu  |b platné od 1. januára 1982 
264 1 |a Bratislava  |b Šport  |c 1982 
300 |a 39 s. 
490 1 |a Pravidlá 
830 0 |a Pravidlá